[Event "World Rapid 2023"]
[Site "Samarkand UZB"]
[Date "2023.12.27"]
[EventDate "2023.12.26"]
[Round "8.34"]
[Result "1-0"]
[White "D Gukesh"]
[Black "Mikhail Bryakin"]
[WhiteElo "2720"]
[BlackElo "2486"]
[PlyCount "62"]

1. e4 c6 2. d4 d5 3. exd5 cxd5 4. Bd3 Nc6 5. c3 Qc7 6. h3 Nf6 7. Nf3 g6 8. O-O
Bf5 9. Be2 Bg7 10. Na3 O-O 11. Nc2 Rad8 12. Re1 h6 13. Ne3 Bc8 14. Bd3 Nh5 15.
Ng4 Nf4 16. Bf1 Bxg4 17. hxg4 g5 18. g3 Ng6 19. Be3 e6 20. Bd3 f5 21. Bxg5 hxg5
22. Nxg5 Rf6 23. Nxe6 Rxe6 24. Rxe6 Nf8 25. Bxf5 Nxe6 26. Bxe6+ Kh8 27. g5 Bf8
28. Qg4 Qh7 29. Bf5 Qe7 30. Qh3+ Kg8 31. Be6+ 1-0

[Event "World Rapid 2023"]
[Site "Samarkand UZB"]
[Date "2023.12.27"]
[EventDate "2023.12.26"]
[Round "9.25"]
[Result "1/2-1/2"]
[White "Aydin Suleymanli"]
[Black "D Gukesh"]
[WhiteElo "2609"]
[BlackElo "2720"]
[PlyCount "158"]

1. e4 e5 2. Nf3 Nc6 3. Bb5 a6 4. Ba4 Nf6 5. O-O Be7 6. d3 b5 7. Bb3 d6 8. c3 O-O
9. h3 Re8 10. Ng5 Rf8 11. Nf3 h6 12. d4 Bb7 13. Re1 Re8 14. Nbd2 Bf8 15. Bc2 Nb8
16. b3 Nbd7 17. Bb2 g6 18. a4 h5 19. Bd3 c6 20. Qc2 Bg7 21. axb5 axb5 22. Rxa8
Bxa8 23. dxe5 dxe5 24. c4 b4 25. c5 Nxc5 26. Qxc5 Qxd3 27. Qxb4 Nd7 28. Qc4 Qd6
29. Qc2 c5 30. Nc4 Qc7 31. Rd1 Nf8 32. Ne3 Ne6 33. Nd5 Qb8 34. Qc4 Bc6 35. h4
Bb5 36. Qc3 Nd4 37. Qxc5 Nxf3+ 38. gxf3 Be2 39. Rd2 Qxb3 40. Qc6 Rb8 41. Nf6+
Kh8 42. Bxe5 Qb1+ 43. Kh2 Qf1 44. Rxe2 Qxe2 45. Kg2 Qb5 46. Qd6 Rc8 47. Nd5 Qe8
48. Bxg7+ Kxg7 49. Qf6+ Kh7 50. Qg5 Qf8 51. Nf6+ Kh8 52. Kh3 Rc5 53. Qf4 Kg7 54.
Kg2 Qd8 55. Nd5 Rc6 56. Qe5+ Kh7 57. Qf4 Kg8 58. Qe5 Re6 59. Qf4 Qd6 60. Qe3 Kh7
61. f4 Qd8 62. Kg3 Ra6 63. Qd4 Ra3+ 64. f3 Ra6 65. Qc4 Rd6 66. Qc3 Ra6 67. Qc4
Qa5 68. Nc7 Rf6 69. Nd5 Re6 70. Nc7 Re7 71. Nd5 Rb7 72. Qd4 Qe1+ 73. Kh3 Qf1+
74. Kg3 Qe1+ 75. Kh3 Qh1+ 76. Kg3 Rb1 77. Nf6+ Kh6 78. Ng8+ Kh7 79. Nf6+ 1/2-1/2

[Event "World Rapid 2023"]
[Site "Samarkand UZB"]
[Date "2023.12.28"]
[EventDate "2023.12.26"]
[Round "10.22"]
[Result "1/2-1/2"]
[White "D Gukesh"]
[Black "Mikhail Kobalia"]
[WhiteElo "2720"]
[BlackElo "2542"]
[PlyCount "88"]

1. e4 c6 2. d4 d5 3. f3 e6 4. Nc3 Bb4 5. Be3 dxe4 6. a3 Ba5 7. b4 Bb6 8. Nxe4
Ne7 9. Ne2 O-O 10. c4 e5 11. c5 Bc7 12. dxe5 Bxe5 13. Bd4 Bxd4 14. Nxd4 Nd5 15.
Kf2 Nd7 16. Qd2 a5 17. Be2 axb4 18. axb4 Qh4+ 19. g3 Rxa1 20. gxh4 Rxh1 21. b5
N7f6 22. Kg2 Ra1 23. Nxf6+ Nxf6 24. bxc6 bxc6 25. Nxc6 Re8 26. Bc4 Be6 27. Bxe6
fxe6 28. Qd6 Ra2+ 29. Kh3 Nd5 30. Nd4 Ra3 31. Kg3 Nf6 32. Kg2 Ra2+ 33. Kh3 Rd2
34. Qe5 h6 35. c6 Kh8 36. c7 Rc8 37. Nxe6 Rd5 38. Qf4 Rd7 39. Qc4 Re7 40. Qc6
Rxe6 41. Qxe6 Rxc7 42. Kg3 Rd7 43. Kf4 Rd5 44. Kg3 Kh7 1/2-1/2

[Event "World Rapid 2023"]
[Site "Samarkand UZB"]
[Date "2023.12.28"]
[EventDate "2023.12.26"]
[Round "11.23"]
[Result "1/2-1/2"]
[White "Sergey Grigoriants"]
[Black "D Gukesh"]
[WhiteElo "2544"]
[BlackElo "2720"]
[PlyCount "54"]

1. e4 c5 2. Nf3 e6 3. d4 cxd4 4. Nxd4 Nc6 5. Nc3 Qc7 6. Be3 a6 7. a3 b5 8. Nxc6
Qxc6 9. Be2 Bb7 10. O-O Rc8 11. Qd3 Nf6 12. Bf3 Qc7 13. Rfd1 Bc5 14. e5 Bxf3 15.
exf6 Bxd1 16. fxg7 Rg8 17. Qxh7 Ke7 18. Ne4 Bxe3 19. Qh4+ f6 20. Qxf6+ Ke8 21.
Rxd1 Bf4 22. Qg6+ Ke7 23. Qf6+ Ke8 24. Qg6+ Ke7 25. Qf6+ Ke8 26. Qg6+ Ke7 27.
Qf6+ Ke8 1/2-1/2

[Event "World Rapid 2023"]
[Site "Samarkand UZB"]
[Date "2023.12.28"]
[EventDate "2023.12.26"]
[Round "12.23"]
[Result "1-0"]
[White "D Gukesh"]
[Black "Anton Smirnov"]
[WhiteElo "2720"]
[BlackElo "2586"]
[PlyCount "132"]

1. e4 e5 2. Nf3 Nf6 3. Nxe5 d6 4. Nd3 Nxe4 5. Nf4 Nf6 6. d4 d5 7. Bd3 Bd6 8. Nc3
c6 9. Qe2+ Qe7 10. Qxe7+ Kxe7 11. f3 Nbd7 12. Kf2 Nf8 13. g4 Ne6 14. Nxe6 fxe6
15. Bd2 Bd7 16. Rae1 Raf8 17. Kg2 Kd8 18. h4 h5 19. g5 Ng8 20. Ne2 Ne7 21. b3 g6
22. Be3 Rf7 23. Rhf1 Rhf8 24. c4 Nf5 25. Bf2 Ne7 26. Bg3 Bb4 27. Rd1 Nf5 28.
Bxf5 Rxf5 29. c5 e5 30. Bxe5 Bxc5 31. Ng3 Bb4 32. Nxf5 Bxf5 33. a3 Bc3 34. Rf2
Ba5 35. b4 Bb6 36. a4 Kd7 37. Re2 Re8 38. Rde1 Re6 39. Bf6 a6 40. Rxe6 Bxe6 41.
f4 Bc7 42. f5 Bxf5 43. Re7+ Kc8 44. Re8+ Kd7 45. Re7+ Kc8 46. Be5 Bd8 47. Rg7 a5
48. bxa5 Bxa5 49. Rg8+ Kd7 50. Rb8 b6 51. Rb7+ Kd8 52. Kf2 Bc2 53. Ra7 Bxa4 54.
Bc7+ Kc8 55. Bxb6 Bxb6 56. Rxa4 c5 57. Ra8+ Kd7 58. Rg8 c4 59. Ke3 Ba5 60. Rxg6
Be1 61. Rh6 Bxh4 62. Rxh5 Be1 63. g6 Ke6 64. Rxd5 Kf6 65. Rd6+ Kg7 66. Rc6 1-0

[Event "World Rapid 2023"]
[Site "Samarkand UZB"]
[Date "2023.12.28"]
[EventDate "2023.12.26"]
[Round "13.14"]
[Result "0-1"]
[White "Giga Quparadze"]
[Black "D Gukesh"]
[WhiteElo "2491"]
[BlackElo "2720"]
[PlyCount "94"]

1. e4 c6 2. d4 d5 3. Nc3 dxe4 4. Nxe4 Nf6 5. Nxf6+ exf6 6. c3 Bd6 7. Bd3 O-O 8.
Qc2 Re8+ 9. Ne2 h5 10. O-O h4 11. h3 Nd7 12. c4 Nf8 13. Be3 Be6 14. Rad1 Rc8 15.
Bf4 Ng6 16. Bxd6 Qxd6 17. Rfe1 Rcd8 18. d5 cxd5 19. Bxg6 fxg6 20. Qxg6 Bf7 21.
Qb1 Qa6 22. Nd4 dxc4 23. Rxe8+ Rxe8 24. Nf5 Qb6 25. Qc2 Qa5 26. Nxh4 Qxa2 27.
Rd7 Qa5 28. Rxb7 Re1+ 29. Kh2 Qe5+ 30. f4 Qxf4+ 31. g3 Qe5 32. Ng2 Bd5 33. Rb8+
Kf7 34. Qa4 Qe4 35. Qd7+ Kg6 36. Qxd5 Rh1+ 37. Kxh1 Qxd5 38. Kh2 Kh7 39. h4 a5
40. Nf4 Qe5 41. Rb7 a4 42. h5 c3 43. bxc3 a3 44. Ra7 Qxc3 45. Kh3 Qb3 46. Ra8 a2
47. Kh4 Qb1 0-1

[Event "World Blitz 2023"]
[Site "Samarkand UZB"]
[Date "2023.12.29"]
[EventDate "2023.12.29"]
[Round "1.5"]
[Result "1-0"]
[White "D Gukesh"]
[Black "Elham Amar"]
[WhiteElo "2657"]
[BlackElo "2470"]
[PlyCount "94"]

1. e4 c6 2. d4 d5 3. exd5 cxd5 4. Bd3 Nf6 5. c3 Bg4 6. Ne2 Nc6 7. h3 Bh5 8.
O-O e6 9. Qb3 Qc7 10. Bf4 Bd6 11. Bxd6 Qxd6 12. Nd2 O-O 13. Ng3 Bg6 14.
Bxg6 hxg6 15. Nf3 Rab8 16. a4 Qc7 17. Rfe1 a6 18. Qc2 b5 19. Qe2 b4 20.
Qxa6 bxc3 21. bxc3 Na5 22. Qd3 Rb3 23. Rec1 Rfb8 24. Ne5 Nd7 25. Nxd7 Qxd7
26. Nf1 Qd6 27. Nd2 Rb2 28. Rc2 Qc6 29. Rxb2 Rxb2 30. Nf3 Nb3 31. Re1 Qxa4
32. Ne5 Nd2 33. Kh2 Ne4 34. Re2 Rxe2 35. Qxe2 Qa8 36. Qe3 Qc8 37. c4 f6 38.
cxd5 exd5 39. Nxg6 Qc7+ 40. Kg1 Kf7 41. Nf4 Qc4 42. Ne2 Qb4 43. Nf4 Qc4 44.
f3 Ng5 45. h4 Qa4 46. hxg5 Qa1+ 47. Kh2 1-0

[Event "World Blitz 2023"]
[Site "Samarkand UZB"]
[Date "2023.12.29"]
[EventDate "2023.12.29"]
[Round "2.17"]
[Result "0-1"]
[White "Mikhail Kobalia"]
[Black "D Gukesh"]
[WhiteElo "2558"]
[BlackElo "2657"]
[PlyCount "72"]

1. e4 c6 2. d4 d5 3. exd5 cxd5 4. Bd3 Nc6 5. c3 Qc7 6. Ne2 e6 7. Bf4 Bd6 8.
Bxd6 Qxd6 9. Nd2 Nge7 10. Nf3 O-O 11. O-O f6 12. Re1 Bd7 13. Rc1 Rad8 14.
b3 Be8 15. Ng3 e5 16. dxe5 fxe5 17. Bb1 e4 18. Nd4 Nxd4 19. Qxd4 Nc6 20.
Qe3 Bg6 21. Rcd1 Qe5 22. b4 b6 23. a3 Kh8 24. Ba2 Ne7 25. Rd2 Rc8 26. Rc1
Rc7 27. h4 h6 28. Rd4 Rfc8 29. Qd2 Qf6 30. h5 Bf7 31. Qe3 Nc6 32. Rdd1 Ne5
33. Bxd5 Ng4 34. Qe2 Qh4 35. Bxe4 Bc4 36. Qd2 Qh2# 0-1

[Event "World Blitz 2023"]
[Site "Samarkand UZB"]
[Date "2023.12.29"]
[EventDate "2023.12.29"]
[Round "3.13"]
[Result "1-0"]
[White "D Gukesh"]
[Black "Vadim Zvjaginsev"]
[WhiteElo "2657"]
[BlackElo "2570"]
[PlyCount "60"]

1. e4 c5 2. Nf3 g6 3. c3 Bg7 4. d4 cxd4 5. cxd4 d5 6. exd5 Nf6 7. Nc3 Nxd5
8. Bc4 Nb6 9. Bb3 O-O 10. h3 Nc6 11. d5 Na5 12. O-O Nxb3 13. axb3 e6 14. d6
Bd7 15. Bf4 f6 16. Qe2 e5 17. Be3 Bc6 18. Rfd1 Qd7 19. b4 Kh8 20. Bxb6 axb6
21. Rxa8 Rxa8 22. b5 Bxf3 23. Qxf3 f5 24. Qe3 e4 25. Qxb6 Rd8 26. Na4 e3
27. Qxe3 Qxb5 28. Nc5 Qxb2 29. d7 Bf6 30. Qe8+ 1-0

[Event "World Blitz 2023"]
[Site "Samarkand UZB"]
[Date "2023.12.29"]
[EventDate "2023.12.29"]
[Round "4.8"]
[Result "1-0"]
[White "Johan-Sebastian Christiansen"]
[Black "D Gukesh"]
[WhiteElo "2541"]
[BlackElo "2657"]
[PlyCount "54"]

1. e4 c6 2. d4 d5 3. Nd2 dxe4 4. Nxe4 Nf6 5. Nxf6+ exf6 6. c3 Bd6 7. Bd3
O-O 8. Qc2 Re8+ 9. Ne2 h5 10. O-O h4 11. Nf4 Nd7 12. Qd1 g6 13. Nxg6 fxg6
14. Bxg6 Re7 15. Qh5 Nf8 16. Bh6 Bd7 17. Rfe1 Ne6 18. Bc2 Qe8 19. Bg6 Qd8
20. Qxh4 Ng5 21. f4 Nf7 22. Bg7 Kxg7 23. Qh7+ Kf8 24. Bxf7 Rxe1+ 25. Rxe1
Be5 26. fxe5 fxe5 27. Rxe5 1-0

[Event "World Blitz 2023"]
[Site "Samarkand UZB"]
[Date "2023.12.29"]
[EventDate "2023.12.29"]
[Round "5.14"]
[Result "1-0"]
[White "D Gukesh"]
[Black "Denis Khismatullin"]
[WhiteElo "2657"]
[BlackElo "2552"]
[PlyCount "54"]

1. e4 d6 2. d4 Nf6 3. Nc3 e5 4. Nf3 Nbd7 5. Bc4 Be7 6. O-O O-O 7. a4 c6 8.
Re1 exd4 9. Nxd4 Ne5 10. Bb3 Re8 11. h3 Ng6 12. Bg5 h6 13. Be3 Bf8 14. Qf3
Nh4 15. Qf4 g5 16. Qg3 d5 17. Bxg5 hxg5 18. Qxg5+ Ng6 19. exd5 Nxd5 20. Qg3
Rxe1+ 21. Rxe1 Bg7 22. Nxd5 cxd5 23. Nb5 Be6 24. Nc7 Rc8 25. Nxe6 fxe6 26.
Qxg6 Rc6 27. Rxe6 1-0

[Event "World Blitz 2023"]
[Site "Samarkand UZB"]
[Date "2023.12.29"]
[EventDate "2023.12.29"]
[Round "6.8"]
[Result "0-1"]
[White "Chithambaram Vr Aravindh"]
[Black "D Gukesh"]
[WhiteElo "2584"]
[BlackElo "2657"]
[PlyCount "74"]

1. Nf3 d5 2. d4 Nf6 3. c3 Bf5 4. Qb3 Qc8 5. c4 dxc4 6. Qxc4 e6 7. Bg5 c5 8.
Bxf6 gxf6 9. Nbd2 Nd7 10. Rc1 a6 11. g3 b5 12. Qc3 Ra7 13. Bg2 Rc7 14. O-O
Bd6 15. Qa5 O-O 16. dxc5 Bxc5 17. Nb3 Bb6 18. Rxc7 Bxc7 19. Qd2 Ne5 20.
Nfd4 Bg6 21. h4 h5 22. Rc1 Qd8 23. Qc3 Bb6 24. Nc5 Qd6 25. b4 Rc8 26. Qe3
Bxc5 27. bxc5 Rxc5 28. Rd1 Ng4 29. Qb3 Qe5 30. e3 Qc7 31. Qa3 a5 32. Nb3 b4
33. Qa4 Rc2 34. Rd7 Qc3 35. Rd8+ Kg7 36. Rd1 Rxf2 37. Qe8 Qxe3 0-1

[Event "World Blitz 2023"]
[Site "Samarkand UZB"]
[Date "2023.12.29"]
[EventDate "2023.12.29"]
[Round "7.5"]
[Result "0-1"]
[White "D Gukesh"]
[Black "Richard Rapport"]
[WhiteElo "2657"]
[BlackElo "2748"]
[PlyCount "92"]

1. e4 c6 2. d4 d5 3. exd5 cxd5 4. Bd3 Nf6 5. c3 Bg4 6. Qb3 Qc7 7. h3 Bh5 8.
Ne2 Nc6 9. Bf4 Qd7 10. Nd2 e6 11. O-O Bd6 12. Bxd6 Qxd6 13. Ng3 Bg6 14.
Bxg6 hxg6 15. Nf3 O-O-O 16. Rfe1 Qf4 17. Qd1 Ne4 18. Nxe4 dxe4 19. Nd2 f5
20. Qe2 e5 21. Qe3 g5 22. Nb3 exd4 23. cxd4 Kb8 24. Rac1 Nb4 25. Nc5 Qxe3
26. fxe3 Nxa2 27. Rc4 b5 28. Rc2 Nb4 29. Rf2 g6 30. Ra1 Rd6 31. Ra3 Nd5 32.
Kf1 b4 33. Ra6 Nxe3+ 34. Ke2 Nc4 35. b3 Nb6 36. g4 e3 37. Kxe3 Rxh3+ 38.
Ke2 f4 39. Kf1 Rxd4 40. Re2 Re3 41. Rea2 Re7 42. Kf2 Rd5 43. R6a5 Ka8 44.
Rb5 Nc8 45. Raa5 Ree5 46. Nd7 Rxb5 0-1

[Event "World Blitz 2023"]
[Site "Samarkand UZB"]
[Date "2023.12.29"]
[EventDate "2023.12.29"]
[Round "8.11"]
[Result "1-0"]
[White "Levan Pantsulaia"]
[Black "D Gukesh"]
[WhiteElo "2579"]
[BlackElo "2657"]
[PlyCount "114"]

1. Nf3 d5 2. c4 d4 3. b4 c5 4. b5 Nd7 5. d3 e5 6. g3 Ngf6 7. Bg2 Bd6 8. O-O
O-O 9. a4 Re8 10. Nbd2 Rb8 11. Re1 Nf8 12. e3 Ng6 13. exd4 exd4 14. Rxe8+
Qxe8 15. Ng5 Bf5 16. Nde4 Nxe4 17. Nxe4 Bf8 18. a5 Qd7 19. Ba3 b6 20. axb6
axb6 21. Bc1 Re8 22. Ra6 Qc7 23. h4 Bc8 24. Ra8 Bd7 25. Rxe8 Bxe8 26. h5
Ne5 27. h6 f6 28. f4 Nf7 29. Qg4 Qe7 30. hxg7 Bxg7 31. Qc8 Qd8 32. Qxd8
Nxd8 33. Nd6 Bd7 34. Kh2 Kf8 35. Bh3 Ke7 36. Nf5+ Bxf5 37. Bxf5 h6 38. Kh3
Nb7 39. Kg4 Nd6 40. Bg6 Bf8 41. Bd2 Ke6 42. f5+ Ke7 43. Kf4 h5 44. Kf3 Bg7
45. Bf4 Bf8 46. Kg2 Bg7 47. Kh3 Bf8 48. Kh4 Kd7 49. Kxh5 Nb7 50. Bf7 Na5
51. Kg6 Be7 52. Be6+ Kd8 53. Kf7 Nb3 54. g4 Na1 55. Bc7+ Kxc7 56. Kxe7 Nc2
57. g5 1-0

[Event "World Blitz 2023"]
[Site "Samarkand UZB"]
[Date "2023.12.29"]
[EventDate "2023.12.29"]
[Round "9.3"]
[Result "0-1"]
[White "D Gukesh"]
[Black "Jinshi Bai"]
[WhiteElo "2657"]
[BlackElo "2516"]
[PlyCount "84"]

1. e4 e5 2. Nf3 Nf6 3. Nxe5 d6 4. Nd3 Nxe4 5. Nf4 d5 6. d4 c6 7. Bd3 Bd6 8.
O-O O-O 9. c4 Qf6 10. Ne2 Be6 11. c5 Bc7 12. Nbc3 Nxc3 13. bxc3 Nd7 14. Be3
Bf5 15. Bxf5 Qxf5 16. Ng3 Qg6 17. Qf3 Rfe8 18. Rfe1 b6 19. cxb6 axb6 20.
Nf5 Nf6 21. h3 Ne4 22. Rec1 Ra3 23. g4 b5 24. Kg2 Ba5 25. Rc2 Bxc3 26. Rac1
b4 27. Qf4 Qe6 28. Re2 g6 29. Nh6+ Kg7 30. g5 f6 31. h4 fxg5 32. hxg5 Ra7
33. Rh1 Rf8 34. Qh4 Kh8 35. f3 Nd6 36. Kf2 Nf5 37. Qh3 Re7 38. Ng4 Nxe3 39.
Rxe3 Bxd4 40. Kg2 Bxe3 41. Qh6 Qf5 42. Nf6 Rxf6 0-1

[Event "World Blitz 2023"]
[Site "Samarkand UZB"]
[Date "2023.12.29"]
[EventDate "2023.12.29"]
[Round "10.14"]
[Result "0-1"]
[White "Rudik Makarian"]
[Black "D Gukesh"]
[WhiteElo "2540"]
[BlackElo "2657"]
[PlyCount "72"]

1. d4 Nf6 2. c4 e6 3. Nf3 d5 4. Nc3 Bb4 5. Qa4+ Nc6 6. Bd2 O-O 7. a3 Bd6 8.
c5 Be7 9. Bf4 Bd7 10. Qc2 b6 11. cxb6 axb6 12. e3 Nh5 13. Bg3 g6 14. Be2
Nxg3 15. hxg3 Bf6 16. O-O Ne7 17. b4 c5 18. Bb5 cxd4 19. exd4 Nf5 20. Qd3
h5 21. a4 Bxb5 22. Nxb5 Qe7 23. Qb3 Rfc8 24. Rfc1 g5 25. Rxc8+ Rxc8 26. a5
g4 27. axb6 gxf3 28. Ra7 Qd8 29. b7 Rb8 30. Qxf3 Qb6 31. Ra5 Rxb7 32. Qxh5
Bg7 33. Qg5 Rb8 34. g4 Nxd4 35. Nxd4 Qxd4 36. Qe7 Qxb4 0-1

[Event "World Blitz 2023"]
[Site "Samarkand UZB"]
[Date "2023.12.29"]
[EventDate "2023.12.29"]
[Round "11.5"]
[Result "1-0"]
[White "D Gukesh"]
[Black "M Pranesh"]
[WhiteElo "2657"]
[BlackElo "2481"]
[PlyCount "106"]

1. Nf3 d5 2. e3 Nf6 3. c4 e6 4. Nc3 c5 5. cxd5 exd5 6. d4 Nc6 7. Bb5 a6 8.
Bxc6+ bxc6 9. O-O Bd6 10. dxc5 Bxc5 11. b3 O-O 12. Bb2 Bg4 13. Rc1 Bd6 14.
Ne2 Rc8 15. Ng3 Bxg3 16. hxg3 Ne4 17. Qd3 Qd6 18. Ne5 Be6 19. Qxa6 Ra8 20.
Qxc6 Qxc6 21. Nxc6 Rxa2 22. Rc2 h6 23. Rfc1 Kh7 24. Be5 Rxc2 25. Rxc2 Ra8
26. f3 Ng5 27. b4 Ra3 28. b5 Bf5 29. Rb2 Ra1+ 30. Kh2 Bd7 31. Ne7 Ra7 32.
Nxd5 Rb7 33. Nc3 Ne6 34. b6 Nc5 35. Bd4 Ne6 36. Ne4 Bc6 37. Nd6 Rb8 38.
Nxf7 Bd5 39. Nd6 Nd8 40. e4 Bc6 41. e5 Ne6 42. Be3 Nd8 43. f4 g6 44. g4 h5
45. gxh5 gxh5 46. f5 Bd5 47. e6 Nc6 48. b7 Kg7 49. Bf4 Rf8 50. Rd2 Bb3 51.
e7 Nxe7 52. Be5+ Kh7 53. Rb2 Nc6 1-0

[Event "World Blitz 2023"]
[Site "Samarkand UZB"]
[Date "2023.12.30"]
[EventDate "2023.12.29"]
[Round "12.19"]
[Result "1-0"]
[White "Evgeny Tomashevsky"]
[Black "D Gukesh"]
[WhiteElo "2663"]
[BlackElo "2657"]
[PlyCount "54"]

1. e4 c6 2. Nf3 d5 3. d3 Qc7 4. Nc3 dxe4 5. dxe4 e5 6. Bc4 b5 7. Bb3 h6 8.
Qe2 Nf6 9. a4 b4 10. Nd1 Nbd7 11. Ne3 Nc5 12. Nc4 Ba6 13. Nfxe5 O-O-O 14.
Bf4 g5 15. Bg3 Nfxe4 16. O-O Nxg3 17. fxg3 Rh7 18. Qg4+ Kb8 19. Rad1 Rxd1
20. Rxd1 Nxb3 21. Nd7+ Ka8 22. Nxf8 Rh8 23. Rd7 Qc8 24. cxb3 Rxf8 25. Nd6
f5 26. Rxa7+ Kb8 27. Qxb4+ 1-0

[Event "World Blitz 2023"]
[Site "Samarkand UZB"]
[Date "2023.12.30"]
[EventDate "2023.12.29"]
[Round "13.1"]
[Result "1-0"]
[White "D Gukesh"]
[Black "B Adhiban"]
[WhiteElo "2657"]
[BlackElo "2576"]
[PlyCount "76"]

1. e4 c5 2. Nf3 Nc6 3. Bb5 d6 4. O-O Bd7 5. c3 a6 6. Ba4 Nf6 7. Re1 b5 8.
Bb3 Bg4 9. h3 Bxf3 10. Qxf3 g6 11. a4 c4 12. Bc2 b4 13. d4 cxd3 14. Qxd3
bxc3 15. a5 Ne5 16. Ba4+ Nfd7 17. Qe2 cxb2 18. Bxb2 Bg7 19. f4 O-O 20. fxe5
Nxe5 21. Kh1 Rb8 22. Bc3 Qc7 23. Rc1 Qa7 24. Nd2 Rfc8 25. Rc2 Rxc3 26. Rxc3
Ng4 27. Rac1 Nf2+ 28. Kh2 Be5+ 29. g3 Bxc3 30. Rxc3 Rb2 31. Rc2 Rb4 32. Bb3
e6 33. Qf3 Qd4 34. Rc7 Ng4+ 35. Kh1 Ne5 36. Qf6 Rb8 37. Rxf7 Nf3 38. Nxf3
Qa1+ 1-0

[Event "World Blitz 2023"]
[Site "Samarkand UZB"]
[Date "2023.12.30"]
[EventDate "2023.12.29"]
[Round "14.20"]
[Result "1/2-1/2"]
[White "Gadir Guseinov"]
[Black "D Gukesh"]
[WhiteElo "2563"]
[BlackElo "2657"]
[PlyCount "112"]

1. e4 c5 2. Nc3 Nc6 3. Nf3 e6 4. d4 cxd4 5. Nxd4 Qc7 6. Be3 a6 7. Qd2 b5 8.
O-O-O Bb7 9. Bf4 Qd8 10. Nxc6 Bxc6 11. Qe3 Rc8 12. Kb1 Nf6 13. f3 Be7 14.
Bd6 O-O 15. Bxe7 Qxe7 16. e5 Nd5 17. Nxd5 Bxd5 18. Bd3 Rc5 19. Be4 Bxe4 20.
Qxe4 Rfc8 21. Rd2 R5c7 22. Rhd1 h6 23. f4 a5 24. g3 b4 25. Qd4 a4 26. Qd6
Qxd6 27. exd6 Rc5 28. Re1 f6 29. Re4 Rb8 30. Rdd4 b3 31. axb3 axb3 32. c3
Rc6 33. Rd3 Kf7 34. Ra4 Rbb6 35. Ra7 Ke8 36. Ra8+ Kf7 37. Rd8 Rxd6 38.
Rxd7+ Rxd7 39. Rxd7+ Kg6 40. Kc1 e5 41. Kd2 exf4 42. gxf4 Kf5 43. Rxg7 Kxf4
44. c4 f5 45. Kc3 Kf3 46. c5 Rf6 47. Kxb3 f4 48. Kc4 Ke2 49. b4 f3 50. Rg1
f2 51. Rb1 Rf4+ 52. Kb5 Rd4 53. c6 Rd1 54. Rb2+ Rd2 55. Rb1 Rd1 56. Rb2+
Rd2 1/2-1/2

[Event "World Blitz 2023"]
[Site "Samarkand UZB"]
[Date "2023.12.30"]
[EventDate "2023.12.29"]
[Round "15.22"]
[Result "0-1"]
[White "D Gukesh"]
[Black "Denis Lazavik"]
[WhiteElo "2657"]
[BlackElo "2556"]
[PlyCount "80"]

1. e4 e5 2. Nf3 Nc6 3. Bb5 Nf6 4. d3 Bc5 5. Bxc6 dxc6 6. Bg5 Be6 7. Nbd2 h6
8. Bh4 Qd6 9. Bg3 Nd7 10. Qe2 f6 11. c3 Qe7 12. d4 Bd6 13. O-O O-O-O 14.
Nc4 Bxc4 15. Qxc4 g5 16. Rad1 h5 17. h4 g4 18. Nd2 Nb6 19. Qd3 exd4 20.
cxd4 Bxg3 21. fxg3 c5 22. d5 Kb8 23. Rf5 Nd7 24. Nc4 Nb6 25. Rdf1 Nxc4 26.
Qxc4 Rh6 27. Kh2 b6 28. a3 a5 29. Qc1 Rh7 30. R1f4 Rd6 31. Qc3 Rh6 32. b4
axb4 33. axb4 cxb4 34. Qxb4 Kb7 35. e5 fxe5 36. Rf7 Qd8 37. Rf8 exf4 38.
Rxd8 fxg3+ 39. Kxg3 Rxd8 40. Qe4 Rhd6 0-1

[Event "World Blitz 2023"]
[Site "Samarkand UZB"]
[Date "2023.12.30"]
[EventDate "2023.12.29"]
[Round "16.5"]
[Result "1-0"]
[White "Daniel Dardha"]
[Black "D Gukesh"]
[WhiteElo "2568"]
[BlackElo "2657"]
[PlyCount "52"]

1. d4 Nf6 2. Bg5 d5 3. e3 c5 4. Bxf6 gxf6 5. dxc5 e6 6. Nf3 Bxc5 7. Be2 O-O
8. O-O Nd7 9. c4 dxc4 10. Qc2 f5 11. Nbd2 b6 12. e4 f4 13. Nxc4 Bb7 14.
Rad1 Qe7 15. Qd2 Nf6 16. Qxf4 Nxe4 17. Nce5 Rad8 18. Qg4+ Kh8 19. Bd3 f5
20. Qh5 Nf6 21. Qh4 Rg8 22. g3 Bd5 23. Bc4 Bxc4 24. Rxd8 Bxf1 25. Ng6+ Kg7
26. Rxg8+ 1-0

[Event "World Blitz 2023"]
[Site "Samarkand UZB"]
[Date "2023.12.30"]
[EventDate "2023.12.29"]
[Round "17.13"]
[Result "1-0"]
[White "D Gukesh"]
[Black "Anton Demchenko"]
[WhiteElo "2657"]
[BlackElo "2545"]
[PlyCount "92"]

1. e4 e5 2. Nf3 Nc6 3. Bb5 a6 4. Ba4 Nge7 5. O-O Ng6 6. c3 d6 7. d4 Bd7 8.
d5 Nb8 9. Bxd7+ Qxd7 10. c4 Be7 11. Nc3 O-O 12. Be3 f5 13. exf5 Qxf5 14.
Nd2 Nd7 15. Nde4 Nh4 16. Ng3 Qf7 17. Qg4 Rad8 18. Nce4 Ng6 19. Rac1 Nf4 20.
Qd1 g5 21. f3 h5 22. Rc2 Qg6 23. Rd2 Rf7 24. b4 Rdf8 25. Nf2 Rg7 26. Nge4
g4 27. fxg4 hxg4 28. Ng3 Bh4 29. Nfe4 Nf6 30. Nxf6+ Rxf6 31. Qc2 Qf7 32.
Rdf2 Rh7 33. Bxf4 exf4 34. Qe4 Bg5 35. Ne2 g3 36. hxg3 Qh5 37. Rxf4 Bxf4
38. Nxf4 Qe5 39. Qd3 Rfh6 40. Kf2 Qb2+ 41. Kf3 Rf7 42. Re1 Rhf6 43. Re8+
Kg7 44. Kg4 Qxb4 45. Nh5+ Kh6 46. Rh8+ 1-0

[Event "World Blitz 2023"]
[Site "Samarkand UZB"]
[Date "2023.12.30"]
[EventDate "2023.12.29"]
[Round "18.5"]
[Result "1-0"]
[White "Aydin Suleymanli"]
[Black "D Gukesh"]
[WhiteElo "2553"]
[BlackElo "2657"]
[PlyCount "62"]

1. e4 c5 2. Nf3 Nc6 3. Bb5 e6 4. Bxc6 bxc6 5. d3 Qc7 6. Nbd2 Ne7 7. h4 e5
8. Nc4 d6 9. h5 h6 10. c3 Be6 11. b3 Ng8 12. Ne3 Nf6 13. Nh4 d5 14. Qf3
O-O-O 15. O-O Nh7 16. Qe2 Ng5 17. Ng4 Rg8 18. f4 exf4 19. Bxf4 Bd6 20. Bxd6
Qxd6 21. e5 Qd7 22. Ne3 g6 23. hxg6 fxg6 24. d4 Ne4 25. Qd3 Kb7 26. Rf3 Qe7
27. g3 Qg5 28. Neg2 Rdf8 29. Raf1 Rxf3 30. Rxf3 Qg4 31. Ne3 Qh5 1-0

[Event "World Blitz 2023"]
[Site "Samarkand UZB"]
[Date "2023.12.30"]
[EventDate "2023.12.29"]
[Round "19.14"]
[Result "1-0"]
[White "D Gukesh"]
[Black "Alexander Moiseenko"]
[WhiteElo "2657"]
[BlackElo "2556"]
[PlyCount "66"]

1. e4 c5 2. Nf3 Nc6 3. Bb5 e6 4. O-O Nge7 5. d4 cxd4 6. Nxd4 Ng6 7. Be3 Be7
8. c3 O-O 9. Nd2 Qc7 10. f4 e5 11. fxe5 Ncxe5 12. N2b3 d6 13. Nf5 a6 14.
Be2 Be6 15. Nbd4 Bc4 16. b3 Bxe2 17. Nxe2 Rfe8 18. Bd4 Bf8 19. Neg3 Nc6 20.
Be3 Rad8 21. Qd2 b5 22. Rad1 Qb7 23. Kh1 Re6 24. Rf2 Rde8 25. Rdf1 Nce5 26.
h3 Qc8 27. Bd4 Qb7 28. Qg5 f6 29. Qd2 d5 30. exd5 Qxd5 31. Nh5 Nc6 32.
Nhxg7 Nxd4 33. Nxe8 1-0

[Event "World Blitz 2023"]
[Site "Samarkand UZB"]
[Date "2023.12.30"]
[EventDate "2023.12.29"]
[Round "21.21"]
[Result "0-1"]
[White "Manuel Petrosyan"]
[Black "D Gukesh"]
[WhiteElo "2619"]
[BlackElo "2720"]
[PlyCount "70"]

1. d4 Nf6 2. Nf3 d5 3. c4 e6 4. e3 b6 5. Nc3 Bb7 6. cxd5 exd5 7. Bb5+ c6 8. Bd3
Nbd7 9. O-O Be7 10. b3 O-O 11. Bb2 Re8 12. Ne2 Bd6 13. Ng3 g6 14. Rc1 Qe7 15.
Re1 Rad8 16. Qe2 Ne4 17. Ba6 Ba8 18. Nxe4 dxe4 19. Nd2 Bb8 20. Nf1 Bd6 21. Rc2
Nb8 22. a4 Nxa6 23. Qxa6 h5 24. Rec1 Bb7 25. Qe2 h4 26. h3 Bb8 27. Qd2 Rd5 28.
b4 Rg5 29. Kh1 Bc8 30. d5 Bxh3 31. gxh3 Qd7 32. f4 exf3 33. Qd4 Qxh3+ 34. Rh2
Rg1+ 35. Kxg1 Bxh2+ 0-1